=LDR 00000nam 2200000 4500 =001 INLIS000000000000877 =005 20130612085310 =008 ***********************************Ind** =035 ##$$0010-061300000000877 =041 ##$$a Ind =082 ##$$a 530.07 =090 ##$$a 530.07, Fis =245 ##$$a Fisika untuk SMU kelas 3, Tim penulis Abdurrachim AM...[ et al.] =260 ##$$a 1997 $b Bandung =300 ##$$a vi, 258 hlm, ilus, 21 cm =650 ##$$a Fisika =650 ##$$a Bidang pengajaran =700 ##$$a Abdurrachim AM =850 ##$$a NBPNMAT